Sliced Movies IV Quiz Stats

 Plays Quiz Updated May 1, 2016

Also try: Sliced Movies III
Challenge
Share
Tweet
Score 0/24 Timer 06:00
1 Play Today
% Correct
Finding Nemo
98.7%
Mrs. Doubtfire
93.9%
Brokeback Mountain
93.4%
Frozen
88.2%
Maleficent
83.4%
Alice in Wonderland
82.6%
Slumdog Millionaire
81.5%
Big
79.6%
Guardians of the Galaxy
75.5%
Chicago
72.1%
Pirates of the Caribbean: Dead Man's Chest
67.7%
The Big Lebowski
65.1%
% Correct
Mad Max: Fury Road
56.2%
The Hateful Eight
51.8%
Shaun of the Dead
49.8%
Fury
46.7%
Ex Machina
46.2%
Edge of Tomorrow
45.5%
Underworld: Awakening
45.4%
Iron Man 2
39.5%
Love Actually
37.1%
Sin City: A Dame to Kill For
34.7%
San Andreas
27.9%
Taxi Driver
23.7%

You're not logged in!

Compare scores with friends on all Sporcle quizzes.
OR
Log In

You Might Also Like...

Show Comments

Extras

Top Quizzes Today


Score Distribution

Your Account Isn't Verified!

In order to create a playlist on Sporcle, you need to verify the email address you used during registration. Go to your Sporcle Settings to finish the process.

Report this User

Report this user for behavior that violates our Community Guidelines.

Details: